<?xml version="1.0" encoding="UTF-8"?>
<record
    xmlns:xsi="http://www.w3.org/2001/XMLSchema-instance"
    xsi:schemaLocation="http://www.loc.gov/MARC21/slim http://www.loc.gov/standards/marcxml/schema/MARC21slim.xsd"
    xmlns="http://www.loc.gov/MARC21/slim">

  <leader>01060nam a2200265 a 4500</leader>
  <controlfield tag="003">OSt</controlfield>
  <controlfield tag="005">20200914144239.0</controlfield>
  <controlfield tag="008">971113s1996    ck a     b    000 0 spa  </controlfield>
  <datafield tag="020" ind1=" " ind2=" ">
    <subfield code="a">9586162680 (T. Dura)</subfield>
  </datafield>
  <datafield tag="020" ind1=" " ind2=" ">
    <subfield code="a">9586162699 (R&#xFA;stica)</subfield>
  </datafield>
  <datafield tag="040" ind1=" " ind2=" ">
    <subfield code="a">DLC</subfield>
    <subfield code="c">CO-JMCR|</subfield>
  </datafield>
  <datafield tag="041" ind1="0" ind2=" ">
    <subfield code="a">spa</subfield>
  </datafield>
  <datafield tag="082" ind1="0" ind2="4">
    <subfield code="a">923.4861 / </subfield>
    <subfield code="b">E969c</subfield>
    <subfield code="2">23</subfield>
  </datafield>
  <datafield tag="110" ind1="1" ind2=" ">
    <subfield code="a">Universidad Externado De Colombia </subfield>
    <subfield code="9">8197</subfield>
  </datafield>
  <datafield tag="245" ind1="1" ind2="0">
    <subfield code="a">Centenario del fallecimiento de: </subfield>
    <subfield code="b">Nicol&#xE1;s Pinz&#xF3;n Warlosten /</subfield>
    <subfield code="c">Universidad Externado de Colombia</subfield>
  </datafield>
  <datafield tag="246" ind1="3" ind2="0">
    <subfield code="a">Nicol&#xE1;s Pinz&#xF3;n Warlosten</subfield>
  </datafield>
  <datafield tag="250" ind1=" " ind2=" ">
    <subfield code="a">Primera edici&#xF3;n </subfield>
  </datafield>
  <datafield tag="260" ind1=" " ind2=" ">
    <subfield code="a">Bogot&#xE1; :</subfield>
    <subfield code="b">Universidad Externado de Colombia,</subfield>
    <subfield code="c">1996.</subfield>
  </datafield>
  <datafield tag="300" ind1=" " ind2=" ">
    <subfield code="a">253 p&#xE1;ginas : </subfield>
    <subfield code="b">ilustraciones a blanco y negro</subfield>
    <subfield code="c">25 cm.</subfield>
  </datafield>
  <datafield tag="505" ind1="0" ind2=" ">
    <subfield code="a">In memoriam -- Testimonios de sus alumnos y contempor&#xE1;neos. -- Itinerario de Nicol&#xE1;s Pinz&#xF3;n W. </subfield>
  </datafield>
  <datafield tag="600" ind1="1" ind2="0">
    <subfield code="a">Pinz&#xF3;n Warlosten, Nicol&#xE1;s,</subfield>
    <subfield code="d">1859-1895.</subfield>
    <subfield code="9">10223</subfield>
  </datafield>
  <datafield tag="650" ind1=" " ind2=" ">
    <subfield code="a">Pinz&#xF3;n Warlosten, Nicol&#xE1;s, </subfield>
    <subfield code="x">Homenajes p&#xF3;stumos</subfield>
    <subfield code="y">1859-1895</subfield>
    <subfield code="9">10224</subfield>
  </datafield>
  <datafield tag="650" ind1=" " ind2=" ">
    <subfield code="a">Universidad Externado de Colombia</subfield>
    <subfield code="x">Historia</subfield>
    <subfield code="9">10225</subfield>
  </datafield>
  <datafield tag="942" ind1=" " ind2=" ">
    <subfield code="2">ddc</subfield>
    <subfield code="c">BK</subfield>
  </datafield>
  <datafield tag="999" ind1=" " ind2=" ">
    <subfield code="c">6845</subfield>
    <subfield code="d">6845</subfield>
  </datafield>
  <datafield tag="952" ind1=" " ind2=" ">
    <subfield code="0">0</subfield>
    <subfield code="1">0</subfield>
    <subfield code="2">ddc</subfield>
    <subfield code="4">0</subfield>
    <subfield code="7">0</subfield>
    <subfield code="a">CPL</subfield>
    <subfield code="b">CPL</subfield>
    <subfield code="c">GEN</subfield>
    <subfield code="d">2018-04-15</subfield>
    <subfield code="e">Donaci&#xF3;n</subfield>
    <subfield code="l">0</subfield>
    <subfield code="o">923.4861 / E969c</subfield>
    <subfield code="p">201809812</subfield>
    <subfield code="r">2024-05-16 00:00:00</subfield>
    <subfield code="t">Ej.1</subfield>
    <subfield code="w">2018-04-15</subfield>
    <subfield code="y">BK</subfield>
  </datafield>
</record>
